Německo-český slovník pro uživatele počítačů, obchodníky a překladatele /

Uložené v:
Podrobná bibliografia
Hlavný autor: Machačka, Ivo (Autor)
Médium: Kniha
Jazyk:German
Vydavateľské údaje: Praha : SYSTEMCONSULT
Vydanie:1. vyd.
Tagy: Pridať tag
Žiadne tagy, Buďte prvý, kto otaguje tento záznam!

MARC

LEADER 00000nam a22000003a 4500
001 stu32990
005 20150617225734.1
008 970623s--------xr------------------ger-d
020 |a 80-85329-04-6 
040 |a STU  |b slo 
041 0 |a ger 
044 |a xr 
080 |a 801.316.4=30=850 :681.3 
100 1 |a Machačka, Ivo  |4 aut 
245 1 |a Německo-český slovník pro uživatele počítačů, obchodníky a překladatele /  |c [aut.] Machačka,Ivo 
250 |a 1. vyd. 
260 |a Praha :  |b SYSTEMCONSULT 
300 |a 105 s 
996 |b J93115  |c J*93115  |l JJST  |s P  |a 0  |w stu32990_0001